Countries - Capitals - Statistics

General Stats
  • This quiz has been taken 15 times
  • The average score is 50 of 53
Answer Stats
Country Capital % Correct
Greece Athens
100%
Iraq Baghdad
100%
Lebanon Beirut
100%
Germany Berlin
100%
Romania Bucharest
100%
Argentina Buenos Aires
100%
Egypt Cairo
100%
Ireland Dublin
100%
Cuba Havana
100%
Finland Helsinki
100%
England London
100%
Luxembourg Luxembourg
100%
Mexico Mexico City
100%
Monaco Monaco
100%
Russia Moscow
100%
India New Delhi
100%
Canada Ottawa
100%
Panama Panama City
100%
France Paris
100%
Italy Rome
100%
San Marino San Marino
100%
South Korea Seoul
100%
Singapore Singapore
100%
Bulgaria Sofia
100%
Sweden Stockholm
100%
Iran Tehran
100%
Japan Tokyo
100%
Vatican City Vatican City
100%
Austria Vienna
100%
Poland Warsaw
100%
Jordan Amman
92%
Thailand Bangkok
92%
China Beijing
92%
Australia Canberra
92%
Syria Damascus
92%
Qatar Doha
92%
Afghanistan Kabul
92%
Kuwait Kuwait City
92%
Portugal Lisbon
92%
Spain Madrid
92%
Norway Oslo
92%
Czech Republic Prague
92%
Iceland Reykjavik
92%
Saudi Arabia Riyadh
92%
Tunisia Tunis
92%
United States Washington
92%
United Arab Abu Dhabi
85%
Switzerland Bern
85%
Guatemala Guatemala City
85%
Scotland Edinburgh
77%
Morocco Rabat
69%
Sao Tome and Principe Sao Tome
69%
Costa Rica San Jose
54%
No matching quizzes found
Score Distribution
Percent of People with Each Score
Percentile by Number Answered
Your Score History
You have not taken this quiz